Quizzes
Events
Quiz Creation
Community
Videos
Private Events
Remove Ads
Sign In
Join for FREE
Feedback
Dark Mode
Quiz Categories
Sports
Geography
Music
Movies
Television
Just For Fun
Miscellaneous
History
Literature
Language
Science
Gaming
Entertainment
Religion
Holiday
For Kids
Quiz Lab
Recent
Popular Today
Quiz Kudos Today
Editor Picks
Curator Picks
Quizzes by...
Day
Popularity
Type
Ratings
Length
Year
Community
Subscriptions
Recent Discussions
Orange Saloon
Badges
Playlists
Quests
Create
Leaderboards
Showdown
Live 5
Trivia Bingo
Activity
Puzzle Library
Sporcle Events
Private Events
Virtual Trivia
Globe League
Become a Host
Pub Owners
SporcleCon
Opinionation
Our Games
Videos
Blog
Mobile Apps
Partnerships
Remove Ads and Go Orange
Feedback
Music
Pop Music
The Beatles
Song
Album
Lyrics
Bands
Singers
Artist
Clip
Rock
Rap
Classical
Billboard
Country Music
Kpop
Taylor Swift
Music
Pop Music
The Beatles
Song
Album
Lyrics
Bands
Singers
Artist
Clip
Rock
Rap
Classical
Billboard
Country Music
Kpop
Taylor Swift
Random Quiz
Search Sporcle
×
Quiz Lab
Quiz Lab
Music
Song
Type in answers that appear in a list
Type in answers that appear in a list
Classic
Best Score? Go Orange.
Guess the Beatles Lyrics (#64) Stats
Can you name the Beatles song?
By
acs64
10m
150 Questions
519 Plays
519 Plays
519 Plays
Comments
Comments
Give Quiz Kudos
Give Quiz Kudos
-
- Ratings
hide this ad
Replay
Link that replays current quiz
Next Quiz
Link to next quiz in quiz playlist
You Got
0%
They Got
Avg Score
69%
Avg Friend Score
Upgrade to see
Score Distribution
Jump to the score distribution portion of the page
Score
0/150
Timer
10:00
0
Plays Today
% Correct
the
97.5%
the
97.5%
the
97.5%
the
97.5%
a
97.5%
the
97.5%
the
97.5%
a
97.5%
the
97.5%
the
97.5%
the
97.5%
the
97.5%
the
97.5%
the
97.5%
the
97.5%
And
97.5%
you
96%
you
96%
you
96%
you
96%
you
96%
you
96%
you
96%
me
91.3%
me
91.3%
me
91.3%
me
91.3%
be
87.5%
Be
87.5%
to
87.3%
to
87.3%
it
86.7%
it
86.7%
it
86.7%
on
86.5%
If
83%
If
83%
If
83%
If
83%
If
83%
for
82.9%
for
82.9%
for
82.9%
for
82.9%
for
82.9%
your
82.1%
your
82.1%
your
82.1%
one
78.6%
one
78.6%
% Correct
I'm
78.4%
I'm
78.4%
I'm
78.4%
I'm
78.4%
I'm
78.4%
I'm
78.4%
I'm
78.4%
I'm
78.4%
I'm
78.4%
I'm
78.4%
will
77.1%
no
76.9%
tell
76.5%
Let
75.5%
I'll
74.6%
I'll
74.6%
I'll
74.6%
I'll
74.6%
how
74.2%
don't
72.8%
Don't
72.8%
don't
72.8%
all
71.7%
what
71.7%
my
71.3%
you're
69.9%
want
69.6%
want
69.6%
too
69.4%
too
69.4%
take
67.2%
take
67.2%
but
67.2%
Yeah
66.3%
Yeah
66.3%
Yeah
66.3%
Yeah
66.3%
Yeah
66.3%
who
65.5%
Cause
60.5%
Cause
60.5%
Cause
60.5%
Cause
60.5%
Cause
60.5%
There's
59.5%
taxman
59.5%
taxman
59.5%
taxman
59.5%
taxman
59.5%
tax
59.5%
% Correct
tax
59.5%
tax
59.5%
tax
59.5%
Taxman!
59.5%
taxman
59.5%
taxman
59.5%
taxman
59.5%
taxman
59.5%
taxman
59.5%
taxman
59.5%
get
57%
walk
56.1%
Ha
56.1%
Ha
56.1%
some
56.1%
Ha
56.1%
Ha
56.1%
nineteen
55.9%
car
55.7%
feet
53%
drive
52.4%
ask
51.4%
Should
49.9%
street
49.5%
heat
49.5%
I
48.2%
I
48.2%
more
46.6%
working
44.9%
those
44.7%
cold
44.1%
thankful
43.4%
try
43.2%
seat
43%
eyes
41.2%
pay
41%
Mr.
40.7%
Mr.
40.7%
small
39.3%
Wilson
38.9%
five
38.7%
sit
38.3%
Heath
38%
appear
37%
Now
37%
percent
36.4%
pennies
35.6%
die
35.5%
advice
32.6%
Declare
23.7%
Quiz Playlist
Details
Report
Send in Message
Add To Playlist
Classic:
Type in answers that appear in a list
Last Updated: Feb 16, 2017
Quiz Scoreboard
CHALLENGE
Sign Up to Join the Scoreboard
Show All
Scores
Hide
Comments
May contain spoilers
Recently Published
1-10 Letter E Words III
by El_Dandy
Language
2m
One Thing in Common: World Cities II
by knightlancer
Geography
7m
Popular People in 1961
by mucciniale
History
6m
More to Explore
Quiz From the Vault
Featured Blog Post
Where Did the Easter Bunny Come From?
hide this ad
You Might Also Like...
Tags
Song Quiz
Today's Top Quizzes in Music
Browse Music
hide this ad
Today's Top Quizzes in Song
Browse Song
Top Contributed Quizzes in Music
1
Taylor Swift All Songs (2024)
2
2010s Album by Cover III
3
Taylor Swift Logic Puzzle
4
One Thing in Common: Music
5
Guess the Artist- 70s Songs
6
Guess the Taylor Swift song (Mystery Song)
7
2010s Album by Cover V
8
2010s Album by Cover IV
9
Lana Del Rey Discography (BTD to DYKTTATUOB)
10
KPOP LOGIC QUIZ
Explore More
Trending Topics
Kpop
Crossword
Harry Potter
Disney
Anime
Marvel
NBA
Soccer
The Office
WWE
NFL
Country
Song
Puzzle
Pokémon
hide this ad
More By:
acs64
Quiz
Plays
Rating
Category
Featured
Created
Guess the Beatles Lyrics (#64)
519
4.50
Music
Aug 18, 2011
Go to Creator's Profile
Score Distribution
Quiz Creator Spotlight
acs64
Follow
Send a Message
Quizzes Created
-
Created Quiz Play Count
-
More By This Creator
Popular Quizzes Today
1
Find the US States - No Outlines Minefield
2
The Countries of the World
3
Popular People in 1961
4
Find the Countries of Europe - No Outlines Minefield
5
1-10 Letter E Words III
6
Find the US States
7
One Thing in Common: World Cities II
8
US States
More Music Quizzes
2-Word Song Titles: Billy Joel
Quiz Lab
Trending Quizzes
1-10 Letter F Words
1-10 Letter G Words
Risky Map Clicking: Next State Alphabetically
1-10 Letter F Words II
Risky Map Clicking: States by Unique Starting Letters
Recently Updated
Leaping Animals
pecheneg
Reality TV Shows (A-Z)
bhenderson79
Rickey Henderson's Hall of Fame Teammates
pecheneg
Champions League XIs: Arsenal
pecheneg
Quick Pick: Celebrities in WWE's Hall of Fame
aduchscher
A-Z Keypad Blitz II
pecheneg
Multiple Oscar Actors
pecheneg
Mystery Phrase Blitz: Oscar 'Best Actors'
pecheneg
F. Scott Fitzgerald Novels
LTH
Pick 3 Villains
ddd62291
Trending Topics
NBA
Harry Potter
Crossword
Anime
Marvel
Disney
Kpop
Song
Soccer
NFL
Pokémon
Puzzle
WWE
The Office
Country
Your Account Isn't Verified!
In order to create a playlist on Sporcle, you need to verify the email address you used during registration. Go to your
Sporcle Settings
to finish the process.
Report this User
Report this user for behavior that violates our
Community Guidelines
.
Details:
Send Report
Go to the Sporcle.com Mobile Site →
Comments